Normal view
MARC view
- Pelling,Nadine, Bowers,Randolph & Armstrong, Philp
Entry Personal Name
001 - CONTROL NUMBER
- control field: 4425
003 - CONTROL NUMBER IDENTIFIER
- control field: NUST
005 - DATE AND TIME OF LATEST TRANSACTION
- control field: 20170829113229.0
008 - FIXED-LENGTH DATA ELEMENTS
- fixed length control field: 170829|| aca||aabn | a|a d
040 ## - CATALOGING SOURCE
- Original cataloging agency: NUST
- Transcribing agency: NUST
100 ## - HEADING--PERSONAL NAME
- Personal name: Pelling,Nadine, Bowers,Randolph & Armstrong, Philp
670 ## - SOURCE DATA FOUND
- Source citation: Work cat.: (NUST): Pelling,Nadine, Bowers,Randolph & Armstrong, Philp, The practice of counselling , 2007
